00487nam a2200181Ia 4500003000400000005001700004008004100021020001800062040001800080041000800098082001500106100003500121245009000156250000600246260003600252300000800288650000900296OSt20220113180531.0210716s2009 xx 000 0 und d a9788132101000 cAIMIT LIBRARY aeng a519.7 GAUA aGaur, Ajai S;Gaur, Sanjaya S. aStatistical methods for practice and research: a guide to data analysis using spss. a1 aNew DelhibResponse Booksc2009 a169 aNone